5 by 5 Pixar Characters Quiz Stats

Quiz Updated Oct 12, 2017

Also try: 5 by 5 Food
Challenge
Share
Tweet
Score 0/25 Timer 05:00
6 Plays Today
Hint Answer % Correct
SidekicksDory
98.1%
Mike Wazowski
92.1%
WALL-E
86.9%
Boo
78.5%
Jessie
77.4%
Tow-Mater
75.9%
Sadness
75.8%
ChildrenDash Parr
64.8%
Merida
63.4%
Remy Flounders
59.2%
Randall Boggs
57.9%
VillainsLots-o'-Huggin' Bear
52.5%
Syndrome
51.9%
Hint Answer % Correct
Hopper
45.6%
Flik
44.3%
Darla Sherman
40.6%
Russell
40%
HenchmenBig Baby
36.3%
Riley Andersen
34%
Alpha
22.2%
Mirage
21.1%
Charles F. Muntz
20.4%
AUTO
17.6%
Main CharactersArlo
17.6%
Molt
6.5%

You're not logged in!

Compare scores with friends on all Sporcle quizzes.
Join for Free
OR
Log In

You Might Also Like...

Show Comments

Extras

Top Quizzes Today


Score Distribution

Your Account Isn't Verified!

In order to create a playlist on Sporcle, you need to verify the email address you used during registration. Go to your Sporcle Settings to finish the process.

Report this User

Report this user for behavior that violates our Community Guidelines.

Details: